| 000 | 00663nam a2200229 i 4500 | ||
|---|---|---|---|
| 001 | 52627 | ||
| 003 | ES-MaACL | ||
| 005 | 20250813062559.0 | ||
| 007 | t| | ||
| 008 | 030902s1979 sp ||||1| spa d | ||
| 100 | 1 |
_aDawkins, Richard. _943008 |
|
| 245 | 1 | 3 |
_aEl gen egoista / _cRichard Dawdins ; [traducción de Juana Robles Suárez]. |
| 250 | _a[1ª ed.]. | ||
| 260 |
_aBarcelona : _bLabor, _c1979. |
||
| 300 |
_a301 p. ; _c20 cm. |
||
| 490 | 1 | _aLabor | |
| 650 | 0 | 4 |
_aGenética de la conducta. _913059 |
| 700 | 1 |
_aRobles Suárez, Juana. _997954 |
|
| 830 | 0 | 0 |
_aColección Labor _9184254 |
| 852 |
_aES-MaACL _jL-3510 _bR.104185 |
||
| 999 |
_c52627 _d52627 |
||